Word Ladder: Rocky Horror Fight Club Quiz Stats

Quiz Updated May 24, 2015

Challenge
Share
Tweet
Embed
Score 0/16 Timer 02:00
0 Plays Today
Hint Word % Correct
A broad ditch surrounding a castle, often water-filledMOAT
95.7%
✬ Edible flesh of animals ✬☠ MEAT ☠
95.6%
✬ Shape/unit of baked bread ✬☠ LOAF ☠
94.5%
✬ Lacking money ✬☠ POOR ☠
94.4%
Element whose symbol is PbLEAD
94.1%
Alcholic beverage derived from honeyMEAD
92.8%
To pack something like a truck or dryerLOAD
92.5%
✬ Passes away ✬☠ DIES ☠
92.2%
Hint Word % Correct
Academic administratorDEAN
91.7%
Maple, elm, or gold, e.g.LEAF
91.5%
Trim, thinLEAN
90.3%
Restricted food allowanceDIET
89.3%
Southern cook PaulaDEEN
88.7%
Point which is subject to dispute, uncertaintyMOOT
87.5%
Othello, the ____ of VeniceMOOR
86.7%
Type of insect repellentDEET
85.6%

Today's Daily Dose

Missing Word
The Killers Songs

Word Ladder
1967 Film

Quick Pick
Flag Names

On This Day
February 24th II

You're not logged in!

Compare scores with friends on all Sporcle quizzes.
Sign Up with Email
OR
Log In

You Might Also Like...

Show Comments

Extras

Top Quizzes Today


Score Distribution

Your Account Isn't Verified!

In order to create a playlist on Sporcle, you need to verify the email address you used during registration. Go to your Sporcle Settings to finish the process.